Πιθανότητες : πλήρης θεωρία : 350 λυμένα προβλήματα : 100 προβλήματα για λύση

Αποθηκεύτηκε σε:
Λεπτομέρειες βιβλιογραφικής εγγραφής
Κύριος συγγραφέας: Λαζαρίδης, Αλέξανδρος Ν.
Μορφή: Βιβλίο
Γλώσσα:Greek
Δημοσίευση: Θεσσαλονίκη : Εκδόσεις Ζήτη, c2004.
Θέματα:
Ετικέτες: Προσθήκη ετικέτας
Δεν υπάρχουν, Καταχωρήστε ετικέτα πρώτοι!

MARC

LEADER 00000cam a2200000 i 4500
001 1/53643
008 040423t2004 gr | ||| |||| ||gre||
020 |a 9604318993  
035 |l 10073132 
040 |a GR-MyUA  |b gre  |e AACR2 
041 0 |a gre 
082 0 |a 519.2  
100 1 |a Λαζαρίδης, Αλέξανδρος Ν. 
245 1 0 |a Πιθανότητες :   |b πλήρης θεωρία : 350 λυμένα προβλήματα : 100 προβλήματα για λύση /   |c Αλέξανδρος Λαζαρίδης.  
260 |a Θεσσαλονίκη :   |b Εκδόσεις Ζήτη,   |c c2004.  
300 |a 475 σ. ;   |c 24 εκ.  
650 0 0 |a Probabilities. 
650 0 0 |a Probabilities  |v Problems, exercises, etc. 
852 |a INST  |b CHIOS  |e 20080304  |h 519.2 ΛΑΖ  |p 005200027681  |q 005200027681  |t BK  |y 12 
852 |a INST  |b CHIOS  |e 20221104  |h 519.2 ΛΑΖ  |p 005200040582  |q 005200040582  |t BK  |y 0 
852 |a INST  |b SAMOS  |e 20040423  |h 519.2 ΛΑΖ  |p 005300023348  |q 005300023348  |t BK  |y 0 
901 |a BIBL3-2004-1 
901 |a BIBL2-2008-1 
909 |a Σ  |b 107322 
909 |a Χ  |b 146002 
922 |a 2ΕΛΗ  |b 200802  |c ΕΠΕΑΕΚ2/ΤΝΕΥ  |d Σ. ΠΑΤΑΚΗΣ 
970 |a ΜΑΛΑΓΑΡΗ  |b ΦΩΤΕΙΝΗ  |z 2004/04/23